Qaul ka zaman = / (Record no. 114229)
[ view plain ]
| 000 -LEADER | |
|---|---|
| fixed length control field | 00515nam a22001577a 4500 |
| 005 - DATE AND TIME OF LATEST TRANSACTION | |
| control field | 20191014113313.0 |
| 008 - FIXED-LENGTH DATA ELEMENTS--GENERAL INFORMATION | |
| fixed length control field | 191014b ||||| |||| 00| 0 eng d |
| 040 ## - CATALOGING SOURCE | |
| Transcribing agency | PK-LaUMT |
| 082 ## - DEWEY DECIMAL CLASSIFICATION NUMBER | |
| Classification number | 297.4 |
| Item number | SHA-Q |
| 100 ## - MAIN ENTRY--PERSONAL NAME | |
| Personal name | Shakoor Shakar "namana", Muhammad شکور شاکر ، محمد |
| 245 ## - TITLE STATEMENT | |
| Title | Qaul ka zaman = / |
| Statement of responsibility, etc | by Muhammad Shakoor Shakar "namana" = محمد شکور شاکر نمانا |
| 260 ## - PUBLICATION, DISTRIBUTION, ETC. (IMPRINT) | |
| Place of publication, distribution, etc | Ghotaki : |
| Name of publisher, distributor, etc | Momal Saba Kamran Rana, |
| Date of publication, distribution, etc | NA |
| 300 ## - PHYSICAL DESCRIPTION | |
| Extent | 136 p. |
| 546 ## - LANGUAGE NOTE | |
| Language note | Saraiki- Natan |
| 942 ## - ADDED ENTRY ELEMENTS (KOHA) | |
| Koha item type | Books |
| Withdrawn status | Lost status | Damaged status | Home library | Current library | Date acquired | Full call number | Barcode | Date last seen | Price effective from | Koha item type |
|---|---|---|---|---|---|---|---|---|---|---|
| UMT Main Campus | UMT Main Campus | 2019-10-14 | 297.4 SHA-Q | 131660 | 2019-12-29 | 2019-10-14 | Books |
